Entorno y educación : (Record no. 203732)

MARC details
000 -CABECERA
campo de control de longitud fija 01559cab a2200265 ab4500
005 - FECHA Y HORA DE LA ÚLTIMA TRANSACCIÓN
campo de control 20250303133027.0
008 - ELEMENTOS DE LONGITUD FIJA--INFORMACIÓN GENERAL
campo de control de longitud fija 991125c2017 sp fr p o 000 0 spa d
035 ## - NÚMERO DE CONTROL DEL SISTEMA
Número de control de sistema UPN01000231637
040 ## - FUENTE DE LA CATALOGACIÓN
Centro catalogador/agencia de origen MX-MxUPN
Lengua de catalogación spa
Centro/agencia transcriptor MX-MxUPN
Normas de descripción aacr2
049 ## - COLECCIÓN
Colección ART-E
100 1# - ASIENTO PRINCIPAL--NOMBRE PERSONAL
Nombre de persona Eslava, Clara
Enlace - cec@eaaestudio.com
245 10 - MENCIÓN DE TÍTULO
Título Entorno y educación :
Resto del título un tejido invisible. Un viaje de la ciudad al aula
506 0# - NOTA DE RESTRICCIONES AL ACCESO
Limitaciones de acceso Acceso abierto
520 3# - NOTA DE RESUMEN, ETC.
Sumario, etc. Nos preguntamos por la naturaleza del vínculo entre entorno y educación, por la definición del entorno como un hecho en sí mismo educativo. Mediante la definición de un contexto teórico, desvelamos su concepción como fuente de experiencias, como red de relaciones o como constructo transformador de la propia realidad en que se inserta. Lo haremos en base a una metáfora, la de “un tejido invisible” que emerge cosiendo el entorno con la acción educativa. Por último, cuestionaremos las fórmulas actualmente generalizadas que relacionan rígidamente arquitecturas y pedagogías, buscando un diálogo abierto entre entorno y educación. RIEJS
653 0# - TERMINO DE INDIZACION - NO CONTROLADO
Término no controlado Clima escolar
653 0# - TERMINO DE INDIZACION - NO CONTROLADO
Término no controlado Ambiente educativo
653 0# - TERMINO DE INDIZACION - NO CONTROLADO
Término no controlado Entorno escolar
653 0# - TERMINO DE INDIZACION - NO CONTROLADO
Término no controlado Acción educativa
773 ## - ENLACE AL DOCUMENTO FUENTE/ENTRADA DE REGISTRO ANFITRIÓN
Parte(s) relacionada(s) Vol. 6, no. 1 (2017), p. 157-179
Título RIEJS: revista internacional de educación para la justicia social
Número Internacional Normalizado para Publicaciones Seriadas 2254-3139
856 4# - LOCALIZACIÓN Y ACCESO ELECTRÓNICOS
Identificador Uniforme del Recurso <a href="https://revistas.uam.es/riejs/article/view/7659/7948">https://revistas.uam.es/riejs/article/view/7659/7948</a>
856 4# - LOCALIZACIÓN Y ACCESO ELECTRÓNICOS
Identificador Uniforme del Recurso <a href="https://doi.org/10.15366/riejs2017.6.1.009">https://doi.org/10.15366/riejs2017.6.1.009</a>
902 ## - ELEMENTOS DE DATOS B LOCAL, LDB (RLIN)
Creó Leonor Sotres/030325
905 ## - TIPO DE MATERIAL
Tipo de material Articulo
942 ## - ELEMENTOS DE PUNTO DE ACCESO ADICIONAL (KOHA)
Tipo de ítem Koha Artículo Electrónico
Holdings
Estado de retiro Estado de pérdida Estado dañado No para préstamo Código de colección Localización permanente Ubicación/localización actual Ubicación en estantería Fecha de adquisición Total de préstamos Fecha visto por última vez Identificador Uniforme del Recurso Precio válido a partir de Tipo de ítem Koha
        Acceso abierto Bib. Gregorio Torres Quintero Bib. Gregorio Torres Quintero En línea 03/03/2025   03/03/2025 https://revistas.uam.es/riejs/article/view/7659 03/03/2025 Artículo Electrónico